| 000 | 00457cam a22001577a 4500 | ||
|---|---|---|---|
| 020 | _a9780387735139 (pbk.) | ||
| 020 | _a0387735135 (pbk.) | ||
| 082 | 0 | 0 |
_a664 _bYAN/SO |
| 100 | 1 |
_aYanniotis, Stavros _91147 |
|
| 245 | 1 | 0 | _aSolving Problems in Food Engineering. |
| 260 |
_aNew York : _bSpringer, _c2008. |
||
| 300 |
_axi, 297 p. : _bill. ; _e1 CD-ROM (4 3/4 in.) |
||
| 490 | _aFood Engineering Series | ||
| 650 | 0 |
_aFood industry and trade. _963 |
|
| 942 | _cBK | ||
| 999 |
_c13705 _d13705 |
||